Presidents del Consell de Mallorca (Illes Balears) - Estadísticas

Estadísticas generales
  • Esta prueba ha sido intentada 50 veces
  • La puntuación promedio es 4 de 8
Estadísticas de respuestas
Període President/a % Correcto
2007-2011 Francina Armengol
74%
1995-2007 Maria Antònia Munar
72%
1979-1982 Jeroni Albertí
46%
1983-1987 Jeroni Albertí
46%
2011-2015 Maria Salom
46%
2015-actualitat Miquel Ensenyat
41%
1982-1983 Maximilià Morales
15%
1987-1995 Joan Verger
10%
No se encontraron pruebas coincidentes
Distribución de puntuación
Porcentaje de gente con cada puntuación
Porcentaje por número respondido
Historial de tus puntuaciones
No has intentado esta prueba.